<?xml version="1.0" encoding="UTF-8"?>
<collection xmlns="http://www.loc.gov/MARC21/slim">
 <record>
  <leader>02098cam a2200265 a 4500</leader>
  <controlfield tag="001">MAT.inmabb002915</controlfield>
  <controlfield tag="008">790305s1979####nyua#####b####100#0#eng##</controlfield>
  <controlfield tag="005">20170523114050.0</controlfield>
  <datafield tag="245" ind1="1" ind2="0">
   <subfield code="a">Differential games and control theory III :</subfield>
   <subfield code="b">proceedings of the Third Kingston Conference, part A /</subfield>
   <subfield code="c">edited by Pan-Tai Liu and Emilio Roxin.</subfield>
  </datafield>
  <datafield tag="260" ind1=" " ind2=" ">
   <subfield code="a">New York :</subfield>
   <subfield code="b">M. Dekker,</subfield>
   <subfield code="c">c1979.</subfield>
  </datafield>
  <datafield tag="300" ind1=" " ind2=" ">
   <subfield code="a">vii, 244 p. :</subfield>
   <subfield code="b">il. ;</subfield>
   <subfield code="c">26 cm.</subfield>
  </datafield>
  <datafield tag="490" ind1="0" ind2=" ">
   <subfield code="a">Lecture notes in pure and applied mathematics ;</subfield>
   <subfield code="v">v. 44</subfield>
  </datafield>
  <datafield tag="504" ind1=" " ind2=" ">
   <subfield code="a">Incluye referencias bibliográficas.</subfield>
  </datafield>
  <datafield tag="505" ind1="0" ind2=" ">
   <subfield code="a">Austin Blaquière, Necessary and sufficiency conditions for optimal strategies in impulsive control -- G. Leitmann, Guaranteed ultimate boundedness for a class of uncertain linear dynamical systems -- Robert J. Elliott, The optimal control of a semimartingale -- Wendell H. Fleming and Chun Ping Tsai, Minimum exit probabilities and differential games -- J. Warga, A hybrid relaxed-Lagrangian second order condition for minimum -- C. F. Klein and W. A. Gruver, Dynamic optimization in Markovian queueing systems -- J. Levine, Two person zero sum differential games with incomplete information: Bayesian model -- ernhard Gollan, Sensitivity results in optimization with applications to optimal control problems -- J. A. Mathews, Primal and dual game theoretic solutions with applications to decentralized control -- Pawel J. Szablowski, Some remarks concerning the dual control problem -- Pawel J. Szablowski, Application of the generalized strong laws of large numbers to the proper choice of the amplification coefficients in stochastic approximation with correlated disturbances.</subfield>
  </datafield>
  <datafield tag="510" ind1="4" ind2=" ">
   <subfield code="a">MR,</subfield>
   <subfield code="c">80f:90006a</subfield>
  </datafield>
  <datafield tag="020" ind1=" " ind2=" ">
   <subfield code="a">0824768450</subfield>
  </datafield>
  <datafield tag="111" ind1="2" ind2=" ">
   <subfield code="a">Kingston Conference on Differential Games and Control Theory</subfield>
   <subfield code="n">(3ª :</subfield>
   <subfield code="d">1978 :</subfield>
   <subfield code="c">University of Rhode Island)</subfield>
  </datafield>
  <datafield tag="700" ind1="1" ind2=" ">
   <subfield code="a">Liu, Pan-Tai.</subfield>
   <subfield code="4">edt</subfield>
  </datafield>
  <datafield tag="700" ind1="1" ind2=" ">
   <subfield code="a">Roxin, Emilio O.</subfield>
   <subfield code="4">edt</subfield>
  </datafield>
  <datafield tag="650" ind1=" " ind2="0">
   <subfield code="a">Control theory</subfield>
   <subfield code="x">Congresses.</subfield>
  </datafield>
  <datafield tag="650" ind1=" " ind2="0">
   <subfield code="a">Differential games</subfield>
   <subfield code="x">Congresses.</subfield>
  </datafield>
  <datafield tag="084" ind1=" " ind2=" ">
   <subfield code="a">90-06 (93-06)</subfield>
   <subfield code="2">MR</subfield>
  </datafield>
  <datafield tag="010" ind1=" " ind2=" ">
   <subfield code="a">   79010791 </subfield>
  </datafield>
  <datafield tag="040" ind1=" " ind2=" ">
   <subfield code="a">DLC</subfield>
   <subfield code="c">DLC</subfield>
   <subfield code="d">DLC</subfield>
  </datafield>
  <datafield tag="859" ind1=" " ind2=" ">
   <subfield code="h">90</subfield>
   <subfield code="i">K55-3</subfield>
   <subfield code="p">A-4947</subfield>
   <subfield code="b">BIB. MATEMATICA</subfield>
  </datafield>
 </record>
</collection>
